La sexualité en institution (notice n° 1645859)

détails MARC
000 -LEADER
fixed length control field 01404cam a2200205 4500500
005 - DATE AND TIME OF LATEST TRANSACTION
control field 20260208002221.0
041 ## - LANGUAGE CODE
Language code of text/sound track or separate title fre
042 ## - AUTHENTICATION CODE
Authentication code dc
100 10 - MAIN ENTRY--PERSONAL NAME
Personal name Lebrun, Pierre-Brice
Relator term author
245 00 - TITLE STATEMENT
Title La sexualité en institution
260 ## - PUBLICATION, DISTRIBUTION, ETC.
Date of publication, distribution, etc. 2017.<br/>
500 ## - GENERAL NOTE
General note 29
520 ## - SUMMARY, ETC.
Summary, etc. Aucune disposition légale ne limite les relations sexuelles entre mineurs : l’âge de la majorité sexuelle – fixée à 15 ans pour les filles et les garçons – n’est pas l’âge à partir duquel un mineur peut avoir des relations sexuelles, mais celui à partir duquel il peut avoir des relations sexuelles avec un majeur. Les relations sexuelles entre mineurs – comme les relations sexuelles entre majeurs, fussent-ils handicapés, usagés, défaillants, déficients, vieillissants – ne peuvent donc en aucun cas être interdites, ou faire l’objet de réunions, d’échanges, de transmission, ou de mentions au dossier, elles ne peuvent être évoquées devant les parents, tuteurs ou autres « représentants légaux », vrais ou supposés, qui n’ont bien évidemment jamais à donner leur accord.
690 ## - LOCAL SUBJECT ADDED ENTRY--TOPICAL TERM (OCLC, RLIN)
Topical term or geographic name as entry element atteintes sexuelles
690 ## - LOCAL SUBJECT ADDED ENTRY--TOPICAL TERM (OCLC, RLIN)
Topical term or geographic name as entry element homosexualité
690 ## - LOCAL SUBJECT ADDED ENTRY--TOPICAL TERM (OCLC, RLIN)
Topical term or geographic name as entry element majorité sexuelle
690 ## - LOCAL SUBJECT ADDED ENTRY--TOPICAL TERM (OCLC, RLIN)
Topical term or geographic name as entry element sexualité
786 0# - DATA SOURCE ENTRY
Note Empan | 105 | 1 | 2017-03-16 | p. 108-113 | 1152-3336
856 41 - ELECTRONIC LOCATION AND ACCESS
Uniform Resource Identifier <a href="https://shs.cairn.info/revue-empan-2017-1-page-108?lang=fr&redirect-ssocas=7080">https://shs.cairn.info/revue-empan-2017-1-page-108?lang=fr&redirect-ssocas=7080</a>

Pas d'exemplaire disponible.

PLUDOC

PLUDOC est la plateforme unique et centralisée de gestion des bibliothèques physiques et numériques de Guinée administré par le CEDUST. Elle est la plus grande base de données de ressources documentaires pour les Étudiants, Enseignants chercheurs et Chercheurs de Guinée.

Adresse

627 919 101/664 919 101

25 boulevard du commerce
Kaloum, Conakry, Guinée

Réseaux sociaux

Powered by Netsen Group @ 2025